| 000 | 00748nam a2200181 a 4500 | ||
|---|---|---|---|
| 008 | 130417s2011 ||||||||||||||||| || u | ||
| 020 | _a9780857023865 | ||
| 050 | _aHF 1111 Bus | ||
| 100 | _aRovira, Alfons Sauquet | ||
| 245 | 1 | 0 |
_aBusiness Schools and their Contributions to Society _cedited by Mette Morsing and Alfons Sauquet Rovira |
| 260 |
_aLondon: _bSAGE Publications _c2011 |
||
| 300 | _axxv, 254p.: ill. | ||
| 650 | _aBUSINESS SCHOOLS--SOCIAL ASPECTS | ||
| 650 | 0 | _aSOCIAL RESPONSIBILITY OF BUSINESS | |
| 650 | _aBUSINESS EDUCATION--SOCIAL ASPECTS | ||
| 700 | _aMorsing, Mette | ||
| 995 |
_FCBU-MAIN LIBRARY (Kitwe) _M1 _UAVAILABLE _WJun 17, 2013 _ZMain Library Open Access Collection |
||
| 999 |
_c36521 _d36521 |
||